000 00362nam a22001577a 4500
999 _c7909
_d7909
003 OSt
005 20190319122631.0
008 190319b ||||| |||| 00| 0 eng d
040 _cDLC
082 _a248
_bM217t
100 _aMaiden, Peter:
245 _aTake My Purse
260 _aCarlisle, UK
_bOM Books:
_cc. 1997
300 _a90 p.;
_c20 cm
942 _2ddc
_cBK